Psalm 1 (NIV 1984) - Statistics

General Stats
  • This quiz has been taken 16 times
  • The average score is 21 of 43
Answer Stats
(fill in words) % Correct
Blessed is the man
90%
who does not walk
90%
day and night.
80%
He is like a tree
80%
its fruit
70%
law he meditates
70%
of water,
70%
that the wind
70%
does not wither.
70%
But his delight
60%
Whatever he
60%
is in the law
60%
of the LORD,
60%
of sinners
60%
or sit
60%
or stand
60%
in the way
60%
of the wicked
60%
Therefore the wicked
60%
They are like chaff
50%
and on his
50%
and whose leaf
50%
of mockers.
50%
in season
50%
will not stand
50%
planted by streams
50%
Not so the wicked!
50%
blows away.
40%
in the counsel
40%
For the LORD
40%
in the seat
40%
in the judgment,
30%
watches over
30%
does prospers.
30%
nor sinners
30%
which yields
30%
in the assembly
20%
will perish.
20%
of the righteous.
20%
the way
20%
but the way
20%
of the wicked
20%
of the righteous,
10%
No matching quizzes found
Score Distribution
Percent of People with Each Score
Percentile by Number Answered
Your Score History
You have not taken this quiz